00440 2200181 4500001002100000005001500021008004100036020002200077035001900099041000700118082001000125090001600135100001200151245002300163260003400186300001700220650002100237INLIS00000000001038120241224114006241224||||||||| | ||| |||| || |  a978-602-97822-9-5 0010-1224010381 aid0 a372.8 a372.8 KAR t0 aKarsidi00aTerampil Berbicara aBandungbPustaka Sunda.c2010 a17,6 x 25 cm 0aPelajaran kursus